| 000 | 00884nam a2200265 i 4500 | ||
|---|---|---|---|
| 001 | 11102 | ||
| 003 | ES-MaACL | ||
| 005 | 20230906150028.0 | ||
| 007 | t| | ||
| 008 | 920415s1992 sp ||||0| cat j | ||
| 020 | _a84-7533-714-7 | ||
| 040 |
_aM-BN _bspa _cM-BN |
||
| 080 | _a342.53(460.23)(091) | ||
| 100 | 0 |
_aTrepat, Cristòfol-A. _9111322 |
|
| 245 | 1 | 0 |
_aDe les Corts al Parlament _b: (segles XIII-XX) / _cCristáofol-A. Trepat. |
| 250 | _a[1ª ed.]. | ||
| 260 |
_aBarcelona : _bBarcanova, _c1992. |
||
| 300 |
_a96 p : _bil ; _c19 cm. |
||
| 490 | 1 | _aBiblioteca báasica d'histáoria de Catalunya. Sèrie "Els temes" | |
| 504 | _aBibliografía: p. 96. | ||
| 610 | 1 | 7 |
_aCataluña. _bParlamento- _xHistoria. _92507 |
| 830 | 0 |
_aBiblioteca báasica d'histáoria de Catalunya. Sèrie "Els temes" _9178944 |
|
| 852 |
_aES-MaACL _jL-18384 _bR.121831 |
||
| 999 |
_c11102 _d11102 |
||